| 000 | 00964cam a22003011 4500 | ||
|---|---|---|---|
| 999 |
_c8969 _d8969 |
||
| 001 | 8969 | ||
| 003 | BD-JhCC | ||
| 005 | 20180718202301.0 | ||
| 008 | 781127s1931 ctu 001 0 eng | ||
| 035 | _a(BD-JhCC)8969 | ||
| 040 |
_aDLC _cMeLB _dOCoLC _dDLC _dBD-JhCC |
||
| 041 | _aeng | ||
| 050 | 0 | 0 |
_aJC257 _b.L3 1931 |
| 082 |
_a320.1 _bLAS 1931 |
||
| 100 | 1 |
_aLaski, Harold Joseph, _d1893-1950. |
|
| 245 | 1 | 2 |
_aA grammar of politics / _cby Harold J. Laski. |
| 260 |
_aNew Haven, _bYale University Press _c[1931] |
||
| 300 |
_a672 p. _c23 cm. |
||
| 500 | _a"Fifth impression (second edition) April 1931." | ||
| 500 | _aSupplements the author's The problem of sovereignty, Authority in the modern state and The foundations of sovereignty. cf. Pref. | ||
| 650 | 0 | _aPolitical science. | |
| 650 | 0 | _aState, The. | |
| 650 | 0 | _aSovereignty. | |
| 650 | 0 | _aIndustrial policy. | |
| 650 | 0 | _aInternational law and relations. | |
| 942 |
_2ddc _cBK |
||